Albums-Songs (Lady Gaga) pt.2 - Statistics

General Stats
  • This quiz has been taken 15 times
  • The average score is 20 of 30
Answer Stats
Hint Answer % Correct
Album Title ARTPOP
100%
7 ARTPOP
100%
Album Tilte Born This Way
93%
2 Born This Way
93%
6 Manicure
86%
14 Applause
79%
1 Marry The Night
79%
1 Aura
71%
13 Gypsy
71%
14 The Edge Of Glory
71%
5 Americano
64%
9 Donatella
64%
12 Dope
64%
10 Fashion!
64%
3 G.U.Y
64%
6 Hair
64%
4 Judas
64%
11 Mary Jane Holland
64%
4 Sexxx Dreams
64%
8 Swine
64%
2 Venus
64%
12 Electric Chapel
57%
10 Heavy Metal Lover
57%
5 Jewels N' Drugs
57%
13 You And I
57%
8 Bloody Mary
50%
9 Bad Kids
50%
11 Highway Unicorn
50%
7 Sheisse
21%
3 Goverment Hooker
14%
No matching quizzes found
Score Distribution
Percent of People with Each Score
Percentile by Number Answered
Your Score History
You have not taken this quiz